LDR 00912naa#a2200181#i#450# 001 RU\\bibl\126835 005 20260701141343.3 011 ## _a2782-4926 100 ## _a20260630b2026####ek#y0rusy0150####ca 102 ## _aRU 200 1# _aИНТЕГРАЦИЯ ФЛЕЙТЫ В ЗАПАДНУЮ РОК- МУЗЫКУ ВТОРОЙ ПОЛОВИНЫ XX ВЕКА: ОПЫТ СИСТЕМАТИЗАЦИИ _eЖурнальная статья 210 1# _aКрасноярск _cКрасноярская региональная общественная организация Содружество просветителей Красноярья _d2026 215 ## _a11 с. 608 ## _aЖурнальная статья _2local 675 ## _aМузыкальные стили. 78.03 _z 700 #1 _aХолодова _gМария Владимировна 700 #1 _aШиршак _gМихаил Васильевич 856 4# _aasiaetother-journal.ru _u